F1 world champions - Statistics

General Stats
  • This quiz has been taken 140 times
    6 since last reset
  • The average score is 56 of 76
Answer Stats
Year Champion % Correct
1988 Ayrton Senna
100%
1990 Ayrton Senna
100%
1991 Ayrton Senna
100%
1976 James Hunt
100%
1982 Keke Rosberg
100%
2007 Kimi Räikkönen
100%
2025 Lando Norris
100%
2008 Lewis Hamilton
100%
2014 Lewis Hamilton
100%
2015 Lewis Hamilton
100%
2017 Lewis Hamilton
100%
2018 Lewis Hamilton
100%
2019 Lewis Hamilton
100%
2020 Lewis Hamilton
100%
2021 Max Verstappen
100%
2022 Max Verstappen
100%
2023 Max Verstappen
100%
2024 Max Verstappen
100%
1994 Michael Schumacher
100%
1995 Michael Schumacher
100%
2000 Michael Schumacher
100%
2001 Michael Schumacher
100%
2002 Michael Schumacher
100%
2003 Michael Schumacher
100%
2004 Michael Schumacher
100%
2016 Nico Rosberg
100%
1975 Niki Lauda
100%
1977 Niki Lauda
100%
1984 Niki Lauda
100%
1996 Damon Hill
80%
2005 Fernando Alonso
80%
2006 Fernando Alonso
80%
1962 Graham Hill
80%
1968 Graham Hill
80%
2009 Jenson Button
80%
1951 Juan Manuel Fangio
80%
1954 Juan Manuel Fangio
80%
1955 Juan Manuel Fangio
80%
1956 Juan Manuel Fangio
80%
1957 Juan Manuel Fangio
80%
1998 Mika Häkkinen
80%
1999 Mika Häkkinen
80%
1961 Phil Hill
80%
2010 Sebastian Vettel
80%
2011 Sebastian Vettel
80%
2012 Sebastian Vettel
80%
2013 Sebastian Vettel
80%
1985 Alain Prost
60%
1986 Alain Prost
60%
1989 Alain Prost
60%
1993 Alain Prost
60%
1980 Alan Jones
60%
1959 Jack Brabham
60%
1960 Jack Brabham
60%
1966 Jack Brabham
60%
1969 Jackie Stewart
60%
1971 Jackie Stewart
60%
1973 Jackie Stewart
60%
1997 Jacques Villeneuve
60%
1979 Jody Scheckter
60%
1952 Alberto Ascari
40%
1953 Alberto Ascari
40%
1972 Emerson Fittipaldi
40%
1974 Emerson Fittipaldi
40%
1970 Jochen Rindt
40%
1964 John Surtees
40%
1978 Mario Andretti
40%
1981 Nelson Piquet
40%
1983 Nelson Piquet
40%
1987 Nelson Piquet
40%
1992 Nigel Mansell
40%
1963 Jim Clark
20%
1965 Jim Clark
20%
1958 Mike Hawthorn
20%
1967 Denny Hulme
0%
1950 Giuseppe Farina
0%
No matching quizzes found
Score Distribution
Percent of People with Each Score
Percentile by Number Answered
Your Score History
You have not taken this quiz since the last reset